| 000 | 01168nam a2200265 i 4500 | ||
|---|---|---|---|
| 001 | bg | ||
| 245 | 0 | 0 |
_aFunkcjonowanie instytucji non-profit w oparciu o normy i standardy Unii Europejskiej = _bFunctioning non-profit instytutions [!] being based on norms and European Union standards / _cred. nauk. Maria Fic ; Uniwersytet Zielonogórski. Instytut Zarządzania. |
| 246 | 1 | 4 | _aFunkcjonowanie instytucji non-profit do norm i standardów Unii Europejskiej |
| 260 |
_aZielona Góra : _bUZ ; _aNowa Ruda : _b"Maria", _c2002. |
||
| 300 |
_a139 s. : _bil. ; _c24 cm. |
||
| 500 | _aTyt. okł.: Funkcjonowanie instytucji non-profit do norm i standardów Unii Europejskiej. - Streszcz. ang. przy art. | ||
| 504 | _aBibliogr. przy art. | ||
| 610 | 2 | 9 |
_aUnia Europejska _xa Polska |
| 650 | 9 |
_aInstytucje nonprofit _zPolska _yod 1989 r. |
|
| 651 | 9 |
_aPolska _xa Unia Europejska |
|
| 700 | 1 |
_aFIC, Maria. _eRed. |
|
| 710 | 0 |
_aUniwersytet Zielonogórski _bInstytut Zarządzania |
|
| 020 | _a8388842234 | ||
| 040 | _cBPK | ||
| 041 | 0 |
_apol _beng |
|
| 080 | _a061.2(438:4-67)"1989/..." | ||
| 920 | _a83-88842-23-4 | ||
| 942 | _cKS | ||
| 008 | s pl f |000 0 pol | ||
| 999 |
_c43943 _d43943 |
||
| 856 |
_uhttp://koha.tu.koszalin.pl/cgi-bin/koha/opac-detail.pl?biblionumber=43943 _yKatalog online BPK |
||